| 000 | 00795nam a2200253Ia 4500 | ||
|---|---|---|---|
| 003 | OSt | ||
| 005 | 20220923211101.0 | ||
| 006 | a|||||r|||| 00| 0 | ||
| 007 | ta | ||
| 008 | Pun | ||
| 020 |
_a8178833387 (hbk) _c225 |
||
| 024 | _a243,930 | ||
| 037 |
_b305, 08/10/2010, H.K. Prakashan _cTextual |
||
| 040 |
_aARTS _cARTS _bPun |
||
| 041 |
_2Pun _aPun |
||
| 082 | _aO153,3N35:g, P8 | ||
| 100 |
_aਵਿਨੋਦ, ਟੀ ਆਰ _9158009 |
||
| 245 | 0 | _aਪੰਜਾਬੀ ਆਲੋਚਨਾ Fਾਸਤਰ | |
| 260 |
_aਲੁਧਿਆਣਾ _b ਚੇਤਨਾ _c2008 |
||
| 300 |
_a197ਪੰ _ccm. |
||
| 650 | _aਪੰਜਾਬੀ ਸਾਹਿਤ | ||
| 942 |
_hO153,3N35:g, P8 _cTEXL _2CC |
||
| 999 |
_c295007 _d295007 |
||